GUESS DA ITALIAN BRAINROTS - Statistics

General Stats
  • This quiz has been taken 34 times
  • The average score is 4 of 12
Answer Stats
Picture Answer % Correct
tung tung tung sahur
96%
tralalero tralala
63%
chimpanzini bananini
52%
brr brr patapim
41%
cappucino assasino
30%
trippi troppi
26%
ballerina cappucina
22%
bombardino crocodilo
19%
frigo camelo
19%
lirili larila
15%
boneca ambalabu
7%
udin din din dun
0%
No matching quizzes found
Score Distribution
Percent of People with Each Score
Percentile by Number Answered
Your Score History
You have not taken this quiz